02504nam a2200265 i 4500001001500000008004100015020001800056040000800074041000800082100005600090245008900146260003400235300002500269504004100294505013000335520079100465520077301256650001602029650001602045650002702061655003102088942000802119952009602127999001502223Rebiun34540484221108s2022 sp b 000 0 spa d a9788467064643 ctbs aspa aAlonso Peña, José-Ramónd1962-925218eauthor13aEl cerebro enamoradob: los mecanismos neuronales del amorc/ José Ramón Alonso. aBarcelona : bEspasa, c2022. a223 pages ; c23 cm. aIncludes bibliographical references. aLa ciencia del amor — Las bases del amor — La importancia de la atracción — Males de amores — Eso de la modernidad. aEl amor es la piedra angular de nuestra vida personal y social. Se le had dedicado miles de reflexiones literarias y artísticas, pero conocemos muy poco de sus bases científicas. Sin embargo, la cienca tiene muchísimo que decirnos sobre el amor, el proceso de enamoramiento, la ruptura o cómo reavivar una relación. Sin amor nuestra vida no tendríasentido, pues estamos programados para encontrar a una persona, establecer vínculos con ella e intentar tener una vida juntos. Cuanto más sabes sobre un tema, más lo disfrutas. Conociendo los mecanismos cerebrales del amor, entenderemos mejor cómo funciona para paliar frustraciones y fracasos, para hacer las cosas mejor cada día y tratar de alcanzar la plentitud en nuestra vida, también en nuestra vida amorosa. aLove is the cornerstone of our personal and social lives. It has inspired thousands of literary and artistic reflections, yet we know very little about its scientific foundations. However, science has a great deal to tell us about love—the process of falling in love, breakups, and how to rekindle a relationship. Without love, our lives would lack meaning, as we are biologically programmed to find someone, form bonds with them, and try to build a life together. The more you know about a subject, the more you enjoy it. By understanding the brain mechanisms behind love, we can better grasp how it works—helping us to ease frustrations and overcome failures, to do things better each day, and to strive for fulfillment in life, including in our romantic lives. 0aBrain99635 0aLove912253 0aNeuropsychology911662 0aInformational works923310 2lcc 00102lcc4070aTBSbTBSd2025-05-14l0oQP360.5 ALOpB05772r2025-05-14t1w2025-05-14y1 c4659d4659